[Event "Match"]
[Site "www.echecsemail.com"]
[Date "2018.02.01"]
[Round "1"]
[White "Llord"]
[Black "Darknight"]
[WhiteElo "1950"]
[BlackElo "1760"]
[Result "1-0"]
[Round "1"]
1.e4 e5
2.Ng1f3 d6
3.Bf1c4 h6
4.O-O Ng8f6
5.Nb1c3 c6
6.d3 Bc8g4
7.h3 Bg4h5
8.Bc1e3 g5
9.d4 Qd8e7
10.Bc4e2 Nb8d7
11.dxe5 dxe5
12.Nf3h2 Bh5xe2
13.Nc3xe2 Nf6xe4
14.c3 a6
15.b4 O-O-O
16.Ne2g3  { time }
1-0

[Event "Tourn. n9687"]
[Site "www.chess-mail.com"]
[Date "2018.02.02"]
[Round "1"]
[White "Jackbauer"]
[Black "Louis"]
[WhiteElo "1820"]
[BlackElo "1980"]
[Result "1-0"]
[Round "1"]
1.e4 c5
2.f4 d5
3.e5 Nb8c6
4.Ng1f3 Bc8g4
5.Bf1e2 e6
6.O-O Ng8h6
7.Be2b5 Qd8b6
8.c4 Nh6f5
9.d3 O-O-O
10.Nb1c3 Nc6d4
11.Nc3a4 Qb6c7
12.h3 Nd4xf3
13.gxf3 Bg4xh3
14.Rf1f2 Qc7e7
15.Rf2h2 Qe7h4
16.Qd1d2 Qh4g3
17.Kh1 Qg3xf3
18.Kg1 Qf3f2
19.Qd2xf2 { resign }
1-0

[Event "Tourn. n9636"]
[Site "www.chess-mail.com"]
[Date "2018.02.02"]
[Round "1"]
[White "Mitja"]
[Black "Prize64"]
[WhiteElo "2010"]
[BlackElo "2110"]
[Result "1/2-1/2"]
[Round "1"]
1.d4 Ng8f6
2.e3 g6
3.c3 Bf8g7
4.Nb1d2 O-O
5.Nd2b3 d6
6.h3 Nb8d7
7.Ng1f3 c6
8.Bf1e2 e5
9.dxe5 dxe5
10.O-O Qd8c7
11.Qd1c2 a5
12.a4 Rf8e8
13.Rf1e1 Nd7b6
14.Nb3d2 Bc8e6
15.b3 Ra8d8
16.Bc1b2 c5
17.c4 e4
18.Nf3h2 h5
19.Ra1b1 Rd8d7
20.Re1d1 Re8d8
21.Nd2f1 Rd7xd1
22.Rb1xd1 Rd8xd1
23.Be2xd1 Qc7c6
24.Nf1g3 h4
25.Ng3e2 Nb6c8
26.Ne2f4 Be6f5
27.Qc2d2 Qc6c7
28.Nf4d5 Nf6xd5
29.Bb2xg7 Kxg7
30.Qd2xd5 Qc7d6
31.Qd5xd6 Nc8xd6
32.Kf1 Kf6
33.Ke2 Ke5
34.Nh2f1 b6
35.Nf1d2 g5
36.f3 f6
37.Kf2 Bf5g6
38.Ke2 f5
39.Bd1c2 Nd6c8
40.Kf2 Nc8d6
41.fxe4 Nd6xe4
42.Bc2xe4 fxe4
43.g3 hxg3
44.Kxg3 Bg6h5
45.Kf2 Bh5d1
46.Kg3 Kf5
47.Kf2 Bd1c2
48.Kg3 Kg6
49.Kg4 Bc2d1
50.Kg3 Kf5
51.h4 gxh4
52.Kxh4 Bd1c2
53.Kg3 Kg5
54.Kh3 Kh5
55.Kg3 Kg5
56.Kh3 { draw }
1/2-1/2

[Event "Tourn. n9660"]
[Site "www.chess-mail.com"]
[Date "2018.02.02"]
[Round "1"]
[White "Prize64"]
[Black "Mitja"]
[WhiteElo "2140"]
[BlackElo "2060"]
[Result "0-1"]
[Round "1"]
1.e4 d5
2.exd5 Qd8xd5
3.Ng1f3 e6
4.d4 c6
5.c4 Qd5d8
6.Bc1e3 h6
7.Nb1c3 Ng8f6
8.Bf1d3 b6
9.O-O Bc8b7
10.Nf3e5 Nf6d7
11.Qd1e2 Nd7xe5
12.dxe5 Bf8e7
13.Ra1d1 Qd8c7
14.f4 Nb8d7
15.Qe2g4 Be7f8
16.Qg4h5 Nd7c5
17.Bd3b1 Ra8d8
18.Rd1xd8 Qc7xd8
19.Rf1d1 Qd8c7
20.b4 Nc5d7
21.a3 c5
22.Nc3b5 Qc7b8
23.Nb5d6 Bf8xd6
24.Rd1xd6 O-O
25.Rd6xd7 Qb8c8
26.Rd7d6 cxb4
27.f5 exf5
28.Bb1xf5 Qc8xc4
29.h3 bxa3
30.Be3xh6 Qc4a2
31.Rd6d2 Qa2a1
32.Kf2 g6
33.Bf5xg6 fxg6
{ resign }
0-1

[Event "Tourn. n9615"]
[Site "www.chess-mail.com"]
[Date "2018.02.02"]
[Round "1"]
[White "Comrade"]
[Black "Numanoid"]
[WhiteElo "2340"]
[BlackElo "2390"]
[Result "1/2-1/2"]
[Round "1"]
1.c4 e5
2.Nb1c3 Ng8f6
3.d3 Bf8b4
4.Bc1d2 c6
5.g3 O-O
6.Bf1g2 Rf8e8
7.e3 d5
8.cxd5 cxd5
9.Ng1e2 Nb8c6
10.a3 Bb4f8
11.O-O Bc8e6
12.f4 Qd8d7
13.fxe5 Nc6xe5
14.Ne2f4 Be6g4
15.Qd1b3 d4
16.Nc3d1 Bg4xd1
17.Ra1xd1 dxe3
18.Bd2xe3 Ne5g4
19.Be3c1 Bf8c5
20.Kh1 Ng4f2
21.Rf1xf2 Bc5xf2
22.Qb3xb7 Qd7xb7
23.Bg2xb7 Ra8b8
24.Bb7a6 Re8e1
25.Rd1xe1 Bf2xe1
26.b4 Be1f2
27.Bc1b2 Nf6d7
28.Ba6c4 Kf8
29.Nf4h5 g6
30.Nh5f6 Nd7xf6
31.Bb2xf6 Bf2e3
32.Kg2 Be3c1
33.Bf6e5 Rb8e8
34.Be5d6 Kg8
35.b5 Bc1e3
36.Kf3 Be3b6
37.Bd6b4 { draw }
1/2-1/2

[Event "Tourn. n9695"]
[Site "www.chess-mail.com"]
[Date "2018.02.02"]
[Round "1"]
[White "Falcoale"]
[Black "Sahpat"]
[WhiteElo "1900"]
[BlackElo "1809"]
[Result "1-0"]
[Round "1"]
1.e4 c5
2.Ng1f3 d6
3.b3 Ng8f6
4.Nb1c3 g6
5.d3 Bf8g7
6.Bc1b2 O-O
7.Nc3d5 e6
8.Nd5xf6 Bg7xf6
9.Bb2xf6 Qd8xf6
10.Bf1e2 Qf6c3
11.Nf3d2 Nb8c6
12.O-O Nc6d4
13.Ra1c1 Nd4xe2
14.Qd1xe2 Qc3f6
15.Nd2c4 Qf6e7
16.e5  { time }
1-0

[Event "Tourn. n9660"]
[Site "www.chess-mail.com"]
[Date "2018.02.02"]
[Round "1"]
[White "Liencam2"]
[Black "Prize64"]
[WhiteElo "2270"]
[BlackElo "2140"]
[Result "1-0"]
[Round "1"]
1.e4 e6
2.d4 d5
3.Nb1d2 c5
4.exd5 Qd8xd5
5.Ng1f3 cxd4
6.Bf1c4 Qd5d6
7.Qd1e2 Nb8c6
8.Nd2e4 Qd6d8
9.Bc1g5 f6
10.Bg5h4 Qd8a5
11.c3 dxc3
12.Ne4xc3 e5
13.O-O Ng8e7
14.Ra1d1 Ne7f5
15.Nc3d5 Nf5xh4
16.Nf3xh4 Qa5c5
17.Nd5c7 Ke7
18.Nc7xa8 Nc6d4
19.Qe2d3 Bc8g4
20.Rd1e1 b5
21.Bc4xb5 Nd4xb5
22.Re1c1 Qc5b4
23.Nh4f5 Bg4xf5
24.Qd3xf5 g6
25.Qf5c8 { resign }
1-0

[Event "Tourn. n9641"]
[Site "www.chess-mail.com"]
[Date "2018.02.02"]
[Round "1"]
[White "Aniruddhadg"]
[Black "Sahlapalat"]
[WhiteElo "1809"]
[BlackElo "1890"]
[Result "1-0"]
[Round "1"]
1.e4 c5
2.Ng1f3 d6
3.d4 cxd4
4.Nf3xd4 Ng8f6
5.Nb1c3 Nb8c6
6.Bc1g5 e6
7.Qd1d2 a6
8.O-O-O Bc8d7
9.f3 Ra8c8
10.Kb1 h6
11.Bg5e3 b5
12.g4 b4
13.Nd4xc6 Bd7xc6
14.Nc3e2 d5
15.e5 Nf6d7
16.Ne2d4 Bc6b7
17.f4 Bf8c5
18.Rh1g1 g5
19.fxg5 hxg5
20.Be3xg5 Qd8c7
21.Rg1g2 Qc7xe5
22.Nd4f5 Rh8g8
23.Bg5f4 Qe5f6
24.Nf5h6 Rg8g7
25.g5 Qf6d8
26.Rd1e1 Qd8b6
27.Nh6f5 Rg7g8
28.g6 fxg6
29.Nf5d6 Bc5xd6
30.Re1xe6 Kf7
31.Re6xd6 Qb6d8
32.Bf4g5 Qd8c7
33.Qd2f4 Kg7
34.Rd6xg6 Kxg6
35.Bg5e7 Kh7
36.Qf4h4 
1-0

[Event "Tourn. n9626"]
[Site "www.chess-mail.com"]
[Date "2018.02.02"]
[Round "1"]
[White "Odin"]
[Black "Malbertan"]
[WhiteElo "1890"]
[BlackElo "1940"]
[Result "0-1"]
[Round "1"]
1.d4 e6
2.e4 d5
3.Nb1d2 Ng8f6
4.e5 Nf6d7
5.Ng1f3 c5
6.c3 Nb8c6
7.Bf1b5 Qd8b6
8.Bb5xc6 Qb6xc6
9.O-O Bf8e7
10.Rf1e1 O-O
11.Nd2f1 Qc6b6
12.Nf1g3 cxd4
13.cxd4 f6
14.Ra1b1 fxe5
15.Bc1e3 e4
16.Nf3e5 Qb6d6
17.a3 Nd7xe5
18.dxe5 Qd6xe5
19.Be3d4 Qe5g5
20.Bd4e3 Qg5g6
21.Qd1b3 Kh8
22.Qb3c2 Bc8d7
23.Qc2c7 Ra8d8
24.Qc7xb7 Be7f6
25.Qb7xa7 e5
26.Rb1d1 d4
27.Be3c1 Bd7g4
28.Rd1d2 Bf6g5
29.Rd2c2 Bg5xc1
30.Rc2xc1 Qg6f6
31.Ng3xe4 Qf6f4
32.Rc1c7 Rf8g8
33.Rc7f7 Bg4f5
34.g3 Qf4g4
35.Ne4f6 gxf6
36.Qa7b7 d3
37.Qb7b3 d2
38.Re1d1 Rd8c8
39.Kg2 Qg4e4
40.Kf1 Bf5h3
{ resign }
0-1

[Event "Tourn. n9597"]
[Site "www.chess-mail.com"]
[Date "2018.02.02"]
[Round "1"]
[White "Numanoid"]
[Black "Jesmantiz"]
[WhiteElo "2400"]
[BlackElo "2260"]
[Result "1-0"]
[Round "1"]
1.d4 f5
2.Bc1g5 g6
3.Nb1c3 Bf8g7
4.h4 Ng8f6
5.h5 Nf6xh5
6.Rh1xh5 gxh5
7.e3 O-O
8.Bf1c4 Kh8
9.Qd1xh5 c6
10.Bc4f7 h6
11.Bf7g6 Rf8f6
12.Bg5xf6 exf6
13.Bg6xf5 d5
14.Ng1f3 Bc8xf5
15.Qh5xf5 Nb8d7
16.O-O-O Qd8e7
17.Nf3h4 Nd7f8
18.Rd1h1 Kg8
19.e4 dxe4
20.Nc3xe4 Ra8d8
21.c3 Rd8d5
22.Qf5f3 Qe7f7
23.Nh4f5 Rd5a5
24.Nf5xg7 Kxg7
25.a3 Nf8h7
26.Qf3g3 Qf7g6
27.Qg3xg6 Kxg6
28.Kd2 Ra5d5
29.Ke3 f5
30.Ne4c5 b6
31.Nc5d3 Rd5d6
32.Nd3e5 Kg7
33.Rh1h5 Rd6f6
34.f4 Nh7f8
35.g3 c5
36.d5 Nf8g6
37.c4 Ng6e7
38.Rh5h1 a6
39.b4 Rf6d6
40.bxc5 bxc5
41.Rh1b1 Ne7g8
42.Rb1b7 Kh8
43.Ne5f7 { resign }
1-0

[Event "Tourn. n9674"]
[Site "www.chess-mail.com"]
[Date "2018.02.02"]
[Round "1"]
[White "Fantomas"]
[Black "Prize64"]
[WhiteElo "2240"]
[BlackElo "2150"]
[Result "1-0"]
[Round "1"]
1.e4 c5
2.Ng1f3 Nb8c6
3.Bf1c4 e6
4.d4 cxd4
5.Nf3xd4 Qd8c7
6.Nd4f3 Ng8f6
7.Qd1e2 d6
8.Nb1c3 a6
9.a3 Bf8e7
10.O-O O-O
11.Bc4d3 Bc8d7
12.h3 Rf8e8
13.Bc1e3 Ra8c8
14.Ra1d1 Nc6e5
15.Nf3xe5 dxe5
16.Qe2f3 Be7xa3
17.bxa3 Qc7xc3
18.Rd1a1 Bd7c6
19.Rf1c1 Nf6d7
20.Qf3e2 h6
21.Be3d2 Qc3c5
22.Bd2b4 Qc5b6
23.c4 Nd7c5
24.Bd3c2 Rc8d8
25.Ra1b1 Qb6a7
26.Bb4a5 Rd8d4
27.Ba5b6 { resign }
1-0

[Event "Match"]
[Site "www.echecsemail.com"]
[Date "2018.02.02"]
[Round "1"]
[White "Orae"]
[Black "Billyg"]
[WhiteElo "1760"]
[BlackElo "1770"]
[Result "1-0"]
[Round "1"]
1.e4 e5
2.Ng1f3 f6
3.c3 a6
4.Bf1c4 b5
5.Bc4xg8 Rh8xg8
6.Qd1b3 Rg8h8
7.Qb3d5 c6
8.Qd5b3 d5
9.d3 a5
10.a4 dxe4
11.axb5 Bc8d7
12.bxc6 Bd7xc6
13.Nf3d2 exd3
14.O-O a4
15.Qb3e6 Bf8e7
16.b3 axb3
17.Ra1xa8 Bc6d7
18.Qe6xb3 Be7d6
19.Bc1a3 Bd6c7
20.Nd2e4 Nb8c6
21.Ra8xd8 Kxd8
22.Qb3d5 Nc6a5
23.Ne4c5 { resign }
1-0

[Event "Match"]
[Site "www.echecsemail.com"]
[Date "2018.02.02"]
[Round "1"]
[White "Izastar"]
[Black "Bjonil60"]
[WhiteElo "1249"]
[BlackElo "1460"]
[Result "1-0"]
[Round "1"]
1.f4 f5
2.b3 Nb8c6
3.Bc1b2 e6
4.Ng1f3 Qd8e7
5.e3 Ng8f6
6.Bf1e2 a6
7.O-O g6
8.d3 Bf8g7
9.Nb1d2 O-O
10.Nf3e5 Nc6xe5
11.Bb2xe5 Nf6e8
12.Be5xg7 Rf8f7
13.Bg7b2 c6
14.Nd2c4 b5
15.Nc4e5 Rf7f6
16.Qd1e1 Bc8b7
17.Qe1h4 Qe7g7
18.Ne5xd7 Qg7xd7
19.Bb2xf6 c5
20.Be2f3 Kf7
21.Bf3xb7 Qd7xb7
22.Bf6e5 Kf8
23.Qh4h6 Kg8
24.Rf1f3 Ra8c8
25.Rf3h3 Kf7
26.Qh6xh7 Kf8
27.Qh7xb7 Rc8d8
28.Rh3h8 
1-0

[Event "Match"]
[Site "www.echecsemail.com"]
[Date "2018.02.02"]
[Round "1"]
[White "Gidi5"]
[Black "Jesmantiz"]
[WhiteElo "2340"]
[BlackElo "2210"]
[Result "1-0"]
[Round "1"]
1.e4 d6
2.d4 c6
3.Nb1c3 g6
4.Bc1e3 Bf8g7
5.Bf1c4 e6
6.Ng1e2 Ng8e7
7.O-O O-O
8.Qd1d2 b5
9.Bc4d3 f5
10.Be3h6 b4
11.Nc3a4 Qd8a5
12.Bh6xg7 Kxg7
13.a3 c5
14.axb4 Qa5xb4
15.c3 Qb4b7
16.exf5 Ne7xf5
17.Bd3xf5 Rf8xf5
18.dxc5 dxc5
19.Na4xc5 Qb7e7
20.Nc5e4 Rf5d5
21.Qd2e3 Nb8c6
22.c4 Rd5h5
23.Qe3c3 Kh6
24.g4 Rh5e5
25.g5 Re5xg5
26.Ne4xg5 Qe7xg5
27.Kh1 Bc8b7
28.Qc3h3 Kg7
29.f3 Qg5e3
30.Ne2g1 Nc6d4
31.Ra1e1 Qe3d3
32.Qh3g3 Ra8f8
33.Qg3e5 Kg8
34.Qe5e3 Qd3xc4
35.Re1c1 Qc4d5
36.Rc1c7 Bb7a6
37.Qe3h6 Rf8f7
38.Rc7xf7 Kxf7
39.Qh6xh7 Kf8
40.Qh7h6 Ke7
41.Qh6g7 Kd6
42.Rf1d1 Kc5
43.Qg7xa7 { resign }
1-0

[Event "Match"]
[Site "www.echecsemail.com"]
[Date "2018.02.02"]
[Round "1"]
[White "Caspito"]
[Black "Gambitmiau"]
[WhiteElo "1930"]
[BlackElo "1980"]
[Result "1/2-1/2"]
[Round "1"]
1.e4 Nb8c6
2.Ng1f3 d5
3.e5 Bc8g4
4.h3 Bg4xf3
5.gxf3 Nc6xe5
6.Bf1g2 e6
7.d4 Ne5c6
8.Bc1e3 Bf8e7
9.Nb1c3 Ng8f6
10.Qd1d2 Be7b4
11.a3 Bb4a5
12.O-O O-O
13.b4 Ba5b6
14.Nc3e2 a6
15.Be3f4 Qd8e7
16.c3 e5
17.dxe5 Nf6h5
18.Ne2g3 Nh5xf4
19.Qd2xf4 Nc6xe5
20.Rf1e1 f6
21.Ra1d1 Qe7d6
22.Qf4f5 g6
23.Qf5f4 c6
24.Ng3e4 Qd6d7
25.Ne4xf6 Rf8xf6
26.Qf4xf6 Bb6c7
27.Re1xe5 Bc7xe5
28.Qf6g5 Ra8e8
29.c4 Qd7f7
30.cxd5 cxd5
31.h4 h6
32.Qg5g4 h5
33.Qg4g5 Re8e7
34.Rd1xd5 Be5f6
35.Qg5d2 Bf6xh4
36.Rd5d8 Kh7
37.Rd8d4 Qf7f6
38.f4 Re7e2
39.Rd4d7 Re2e7
40.Rd7xe7 Qf6xe7
41.Bg2h3 b6
42.Bh3f1 g5
43.Bf1d3 Kh6
44.Bd3xa6 Qe7f6
45.fxg5 Bh4xg5
46.Qd2d7 Qf6a1
47.Kg2 Qa1f6
48.Ba6d3 Bg5h4
49.Kh3 Bh4xf2
50.Kg2 Bf2d4
51.Qd7h7 { draw }
1/2-1/2

[Event "Match"]
[Site "www.echecsemail.com"]
[Date "2018.02.02"]
[Round "1"]
[White "Apdash"]
[Black "Comrade"]
[WhiteElo "2220"]
[BlackElo "2320"]
[Result "1/2-1/2"]
[Round "1"]
1.d4 d5
2.Ng1f3 Ng8f6
3.c4 dxc4
4.Nb1c3 e6
5.Qd1a4 Bc8d7
6.Qa4xc4 a6
7.a4 Nb8c6
8.Qc4d3 Nc6b4
9.Qd3d1 Bf8e7
10.e4 Ra8c8
11.Bf1d3 c5
12.dxc5 Be7xc5
13.Bc1g5 h6
14.Bg5h4 g5
15.Bh4g3 Bd7c6
16.Nf3e5 Nb4xd3
17.Ne5xd3 Nf6xe4
18.Bg3e5 f6
19.Qd1h5 Ke7
20.Nc3xe4 Bc6xe4
21.Nd3xc5 Rc8xc5
22.Be5c3 a5
23.O-O Qd8e8
24.Qh5e2 Be4d5
25.Rf1d1 Kf7
26.Qe2e3 Qe8c6
27.f3 Rh8c8
28.h4 b6
29.h5 Bd5b3
30.Qe3d3 e5
31.Qd3h7 Ke6
32.Rd1f1 Rc5c4
33.g4 Qc6c5
34.Kg2 Rc4xa4
35.Qh7f5 Kf7
36.Qf5g6 Ke7
37.Qg6h7 Ke6
38.Qh7f5 Ke7
39.Qf5h7 { draw }
1/2-1/2

[Event "Tourn. n9681"]
[Site "www.chess-mail.com"]
[Date "2018.02.03"]
[Round "1"]
[White "Osopanda"]
[Black "Falcoale"]
[WhiteElo "1780"]
[BlackElo "1890"]
[Result "1-0"]
[Round "1"]
1.e4 c5
2.Ng1f3 Nb8c6
3.d4 cxd4
4.Nf3xd4 e6
5.c4 a6
6.Nb1c3 Bf8b4
7.Bc1e3 Ng8e7
8.Bf1e2 O-O
9.O-O Ne7g6
10.f3 Nc6xd4
11.Be3xd4 e5
12.Bd4e3 Ng6f4
13.Nc3d5 Nf4xe2
14.Qd1xe2 Bb4a5
15.b4 Ba5c7
16.Rf1d1 d6
17.Qe2f2 f5
18.exf5 Rf8xf5
19.c5 Bc8e6
20.Nd5xc7 Qd8xc7
21.cxd6 Qc7d7
22.Ra1c1 Qd7a4
23.Be3b6 h6
24.Qf2c2 Qa4xb4
25.Bb6c5 Qb4h4
26.d7 Ra8d8
27.Bc5b6 Rf5h5
28.g3 Qh4e7
29.Bb6xd8 Qe7xd8
30.Qc2c8 Qd8xc8
31.Rc1xc8 { resign }
1-0

[Event "Tourn. n9691"]
[Site "www.chess-mail.com"]
[Date "2018.02.03"]
[Round "1"]
[White "Pachi"]
[Black "Dussek"]
[WhiteElo "1620"]
[BlackElo "1790"]
[Result "1-0"]
[Round "1"]
1.e4 c5
2.d4 cxd4
3.Qd1xd4 Nb8c6
4.Qd4c4 Ng8f6
5.Bc1g5 e6
6.Nb1c3 Bf8e7
7.O-O-O O-O
8.Bg5xf6 Be7xf6
9.Ng1f3 b6
10.g4 Nc6a5
11.Qc4b5 Bf6xc3
12.bxc3 a6
13.Qb5d3 Ra8a7
14.e5 Ra7c7
15.Nf3g5 Qd8xg5
16.Kb1 Qg5xg4
17.f3 Qg4f4
18.Rd1e1 Qf4a4
19.Re1e4 Qa4a3
20.Re4h4 g6
21.Qd3e3 b5
22.Qe3h6 Rf8e8
23.Qh6xh7 Kf8
24.Qh7h8 Ke7
25.Qh8f6 { resign }
1-0

[Event "Tourn. n9703"]
[Site "www.chess-mail.com"]
[Date "2018.02.03"]
[Round "1"]
[White "Luban"]
[Black "Bigrezi"]
[WhiteElo "2130"]
[BlackElo "2240"]
[Result "0-1"]
[Round "1"]
1.d4 Ng8f6
2.c4 g6
3.e3 d5
4.h3 Bf8g7
5.Nb1c3 e6
6.Ng1f3 O-O
7.Bf1d3 b6
8.O-O Bc8b7
9.Rf1e1 c5
10.b3 Nb8c6
11.a3 dxc4
12.Bd3xc4 Nf6h5
13.Nc3e2 cxd4
14.Nf3xd4 Nc6xd4
15.Ne2xd4 Qd8g5
16.f3 Ra8d8
17.Qd1e2 Rd8xd4
18.exd4 Qg5g3
19.Bc1e3 Nh5f4
20.Be3xf4 Qg3xf4
21.Ra1d1 Bg7xd4
22.Kh1 a5
23.Rd1d3 Bd4c5
24.a4 Bc5d6
25.g4 Qf4g3
{ resign }
0-1

[Event "Match"]
[Site "www.echecsemail.com"]
[Date "2018.02.03"]
[Round "1"]
[White "Dalwhite"]
[Black "Silverking"]
[WhiteElo "1479"]
[BlackElo "2219"]
[Result "0-1"]
[Round "1"]
1.e4 d5
2.Nb1c3 d4
3.Nc3a4 e5
4.Ng1f3 Nb8c6
5.c3 b5
6.Bf1xb5 Bc8b7
7.Qd1b3 Bf8d6
8.d3 Ng8e7
9.Nf3g5 O-O
10.O-O Ra8b8
11.Qb3d1 Ne7g6
12.Qd1h5 h6
13.Bb5c4 Nc6e7
14.Bc4xf7 Rf8xf7
15.Ng5xf7 Kxf7
16.b4 dxc3
17.a3 Bb7a6
18.Na4c5 Bd6xc5
19.Qh5f3 Kg8
20.bxc5 Ne7c6
21.Rf1d1 c2
22.Rd1d2 Rb8b1
23.Rd2xc2 Rb1xa1
24.g3 Qd8xd3
25.Qf3xd3 Ba6xd3
26.Rc2c3 Bd3xe4
27.h4 Nc6d4
28.Kf1 Be4f3
29.Ke1 Nd4e2
30.Rc3xf3 Ne2xc1
31.Kd2 e4
32.Rf3e3 Nc1d3
33.Re3xe4 Nd3xc5
34.Re4c4 Ra1a2
35.Ke1 Nc5e6
36.Rc4a4 c5
37.Ra4a6 Kf7
38.Ra6xa7 Kf6
39.Ra7a6 Ng6e5
40.Ra6d6 c4
41.f4 Ne5f3
42.Kd1 Ra2xa3
43.Ke2 Nf3d4
44.Kf2 c3
45.Kg2 c2
46.Kh3 Ra3xg3
47.Kxg3 Nd4f5
48.Kf3 Nf5xd6
49.Kg3 c1Q
50.Kf3 Qc1xf4
{ resign }
0-1

[Event "Match"]
[Site "www.echecsemail.com"]
[Date "2018.02.03"]
[Round "1"]
[White "Gambitmiau"]
[Black "Hundegana"]
[WhiteElo "1980"]
[BlackElo "2070"]
[Result "0-1"]
[Round "1"]
1.e4 c5
2.Ng1f3 d6
3.d4 Bc8d7
4.e5 cxd4
5.exd6 exd6
6.h3 Nb8c6
7.Bf1b5 Qd8a5
8.Bc1d2 Qa5xb5
9.Nb1a3 Qb5xb2
10.Na3c4 Qb2b5
11.Qd1e2 Kd8
12.O-O d5
13.Ra1b1 Qb5xc4
14.Qe2d1 b6
15.a3 Bf8xa3
16.Rb1b3 Ba3e7
17.Rb3b4 Be7xb4
18.Bd2f4 Ng8f6
19.Rf1e1 Bb4xe1
20.Nf3xe1 Rh8e8
21.Ne1d3 h6
22.Kh2 Nf6e4
23.f3 Ne4c3
24.Qd1g1 Nc3e2
25.Qg1d1 Ne2xf4
26.Nd3xf4 g5
27.Nf4h5 Re8e2
28.Nh5f6 Qc4xc2
29.Qd1xc2 Re2xc2
{ resign }
0-1

[Event "Match"]
[Site "www.echecsemail.com"]
[Date "2018.02.03"]
[Round "1"]
[White "Bjonil60"]
[Black "Odrum"]
[WhiteElo "1460"]
[BlackElo "1199"]
[Result "1-0"]
[Round "1"]
1.d4 e6
2.e3 d5
3.Qd1e2 Ng8f6
4.f3 Nb8c6
5.e4 Bf8b4
6.c3 Bb4a5
7.b4 Ba5b6
8.Nb1a3 O-O
9.e5 Nf6h5
10.g4 Nh5f6
11.g5 Nf6h5
12.f4 Bc8d7
13.Qe2xh5 Nc6e7
14.Ra1b1 Ne7f5
15.Qh5h3 Bd7a4
16.b5 c6
17.Ng1f3 Nf5e7
18.bxc6 bxc6
19.Bf1a6 Bb6a5
20.Kd2 Ne7f5
21.Ke2 Ba5xc3
22.Nf3d2 Nf5xd4
23.Kd3 Qd8a5
24.Ba6b7 { resign }
1-0

[Event "Match"]
[Site "www.echecsemail.com"]
[Date "2018.02.03"]
[Round "1"]
[White "Traub"]
[Black "Odrum"]
[WhiteElo "1450"]
[BlackElo "1199"]
[Result "1-0"]
[Round "1"]
1.e4 e5
2.f4 d6
3.Ng1f3 Nb8c6
4.Bf1c4 Ng8f6
5.d3 Bc8g4
6.O-O Bf8e7
7.h3 Bg4h5
8.Bc1e3 O-O
9.Nb1c3 a6
10.Nc3d5 Nf6xd5
11.Bc4xd5 Qd8d7
12.Qd1d2 Bh5xf3
13.Rf1xf3 { resign }
1-0

[Event "Match"]
[Site "www.echecsemail.com"]
[Date "2018.02.03"]
[Round "1"]
[White "Iko"]
[Black "Stevep84"]
[WhiteElo "1670"]
[BlackElo "2220"]
[Result "0-1"]
[Round "1"]
1.e4 e5
2.Ng1f3 Nb8c6
3.Bf1b5 Ng8e7
4.O-O g6
5.d4 Bf8g7
6.d5 Nc6d4
7.Nf3xd4 exd4
8.Rf1e1 c6
9.dxc6 dxc6
10.Bb5d3 Bc8e6
11.Re1e2 Qd8c7
12.Qd1d2 O-O-O
13.Qd2b4 Bg7e5
14.g3 Qc7d7
15.f4 Be5c7
16.Bc1d2 Be6g4
17.Re2f2 f5
18.exf5 Ne7xf5
19.Nb1a3 h5
20.Qb4c5 Bc7b6
21.Qc5c4 h4
22.gxh4 Nf5xh4
23.Na3b5 Nh4f3
24.Kg2 Rh8xh2
25.Kg3 Qd7h7
26.Rf2xh2 Qh7xh2
27.Kxg4 Qh2g2

0-1

[Event "Tourn. n9661"]
[Site "www.chess-mail.com"]
[Date "2018.02.04"]
[Round "1"]
[White "Muderfuger"]
[Black "Dalen"]
[WhiteElo "1499"]
[BlackElo "1379"]
[Result "1-0"]
[Round "1"]
1.e4 e5
2.Ng1h3 Nb8c6
3.Bf1c4 Ng8f6
4.Nh3g5 Bf8c5
5.O-O Kf8
6.Ng5xf7 Ke7
7.Nf7xd8  { time }
1-0

[Event "Tourn. n9564"]
[Site "www.chess-mail.com"]
[Date "2018.02.04"]
[Round "1"]
[White "Bojan"]
[Black "Abuelo"]
[WhiteElo "2070"]
[BlackElo "2170"]
[Result "1/2-1/2"]
[Round "1"]
1.e4 e5
2.Ng1f3 Qd8f6
3.d4 exd4
4.Bc1g5 Qf6e6
5.Qd1d3 h6
6.Bg5f4 Bf8b4
7.Nb1d2 c5
8.h3 d6
9.a3 Bb4xd2
10.Nf3xd2 Ng8f6
11.Bf1e2 Nb8d7
12.O-O b6
13.Rf1e1 Nd7e5
14.Qd3g3 Ne5g6
15.Be2c4 Qe6d7
16.a4 O-O
17.Bf4xd6 Ng6e7
18.Bd6e5 Nf6h5
19.Qg3f3 Nh5f6
20.Be5xf6 gxf6
21.Qf3xf6 Ne7g6
22.Nd2f3 Qd7d8
23.Qf6xd8 Rf8xd8
24.Nf3h2 Ng6e5
25.Bc4d5 Ra8b8
26.f4 Ne5g6
27.g3 Bc8b7
28.Bd5c4 Rd8e8
29.e5 Kg7
30.a5 Ng6e7
31.axb6 axb6
32.Nh2g4 Ne7f5
33.Kh2 h5
34.Ng4f6 Re8h8
35.Nf6d7 Rb8d8
36.Nd7xb6 Nf5e3
37.Bc4d3 Bb7d5
38.c3 h4
39.Ra1a5 hxg3
40.Kxg3 Bd5e6
41.h4 Rh8xh4
42.f5 c4
43.fxe6 cxd3
44.Kxh4 Ne3g2
45.Kg5 Ng2xe1
46.e7 Rd8e8
47.Nb6c4 dxc3
48.bxc3 Re8xe7
49.Ra5d5 Re7c7
50.Nc4b2 Rc7xc3
51.Rd5d6 Rc3b3
52.Nb2c4 Rb3b4
53.Nc4d2 Rb4b5
54.Kf5 Rb5b2
55.Nd2e4 Rb2e2
56.Kf4 Kf8
57.Ne4g3 Re2f2
58.Ke3 Rf2f3
59.Kd2 Rf3xg3
60.Kxe1 Rg3e3
61.Kf2 Re3xe5
62.Rd6xd3 Ke7
63.Rd3e3 Re5xe3
64.Kxe3 Ke6
65.Ke4 f6
66.Kf4 f5
67.Kf3 Ke5
68.Ke3 f4
69.Kf3 Kf5
70.Kf2 Ke4
71.Ke2 f3
72.Kf2 Kf4
73.Kf1 Ke3
74.Ke1 Kd3
75.Kf1 { draw }
1/2-1/2

[Event "Tourn. n9682"]
[Site "www.chess-mail.com"]
[Date "2018.02.04"]
[Round "1"]
[White "Gvladutz"]
[Black "Szustan"]
[WhiteElo "2490"]
[BlackElo "2560"]
[Result "1/2-1/2"]
[Round "1"]
1.e4 e5
2.Ng1f3 Nb8c6
3.Bf1b5 a6
4.Bb5a4 Ng8f6
5.O-O Nf6xe4
6.d4 b5
7.Ba4b3 d5
8.dxe5 Bc8e6
9.Bc1e3 Bf8e7
10.c3 O-O
11.Nb1d2 Be6g4
12.Nd2xe4 dxe4
13.Qd1d5 Qd8xd5
14.Bb3xd5 exf3
15.Bd5xc6 fxg2
16.Kxg2 Ra8d8
17.a4 b4
18.cxb4 Be7xb4
19.Rf1c1 Bb4d2
20.Be3xd2 Rd8xd2
21.Bc6f3 Bg4xf3
22.Kxf3 Rd2xb2
23.Rc1xc7 Rf8e8
24.Ra1d1 g6
25.Rc7c5 Re8b8
26.Rc5c6 Rb2a2
27.Rc6xa6 Rb8b2
28.Rd1f1 Ra2a3
29.Kg2 Rb2e2
30.Ra6a5 Kg7
31.Rf1d1 Ra3a2
32.Rd1f1 Re2e4
33.Kg3 h5
34.h4 Re4g4
{ draw }
1/2-1/2

[Event "Tourn. n9660"]
[Site "www.chess-mail.com"]
[Date "2018.02.04"]
[Round "1"]
[White "Prize64"]
[Black "Apdash"]
[WhiteElo "2140"]
[BlackElo "2230"]
[Result "1-0"]
[Round "1"]
1.Ng1f3 d5
2.d4 Bc8g4
3.Nf3e5 Bg4f5
4.Bc1f4 Nb8c6
5.Ne5xc6 bxc6
6.e3 e6
7.c4 Bf8d6
8.Bf4g3 Ng8e7
9.Bg3h4 dxc4
10.Bf1xc4 Qd8d7
11.Nb1c3 Ne7g6
12.Bh4g3 O-O
13.e4 Bf5xe4
14.Nc3xe4 Ng6f4
15.O-O Rf8d8
16.Ne4xd6 Qd7xd6
17.Qd1g4 Qd6xd4
18.Bc4b3 e5
19.Ra1d1 Qd4xb2
20.Bg3xf4 exf4
21.Qg4xf4 Rd8f8
22.Rd1d7 a5
23.Rd7xf7 Rf8xf7
24.Qf4xf7 Kh8
25.h4 h6
26.Rf1d1 a4
27.Bb3xa4 Ra8xa4
28.Rd1d8 Kh7
29.Qf7f5 { resign }
1-0

[Event "Tourn. n9689"]
[Site "www.chess-mail.com"]
[Date "2018.02.04"]
[Round "1"]
[White "Apdash"]
[Black "Prize64"]
[WhiteElo "2180"]
[BlackElo "2150"]
[Result "1-0"]
[Round "1"]
1.d4 Ng8f6
2.c4 e6
3.Nb1c3 Bf8b4
4.Bc1g5 c5
5.a3 Bb4xc3
6.bxc3 Qd8a5
7.Bg5d2 O-O
8.e3 d5
9.cxd5 exd5
10.c4 Qa5c7
11.dxc5 Nb8a6
12.cxd5 Nf6xd5
13.Ra1c1 Bc8e6
14.c6 Ra8d8
15.Qd1a4 { resign }
1-0

[Event "Tourn. n9643"]
[Site "www.chess-mail.com"]
[Date "2018.02.04"]
[Round "1"]
[White "Gvladutz"]
[Black "Szustan"]
[WhiteElo "2500"]
[BlackElo "2530"]
[Result "0-1"]
[Round "1"]
1.d4 d5
2.c4 dxc4
3.Ng1f3 Ng8f6
4.Nb1c3 a6
5.e4 b5
6.e5 Nf6d5
7.a4 Nd5xc3
8.bxc3 Qd8d5
9.g3 Bc8b7
10.Bf1g2 Qd5d7
11.O-O e6
12.Bc1a3 Bf8xa3
13.Ra1xa3 Bb7d5
14.Qd1b1 Qd7e7
15.Ra3a1 c6
16.h4 Nb8d7
17.Rf1e1 Nd7b6
18.axb5 axb5
19.Ra1xa8 Nb6xa8
20.Qb1a2 O-O
21.Nf3g5 h6
22.Ng5e4 Na8b6
23.Qa2a5 Qe7c7
24.Qa5b4 Rf8a8
25.Qb4b2 Ra8a4
26.Ne4c5 Ra4a7
27.Bg2xd5 Nb6xd5
28.Nc5e4 Qc7a5
29.Re1c1 Qa5a2
30.Qb2xa2 Ra7xa2
31.Kf1 f5
32.exf6 gxf6
33.Ke1 h5
34.Ne4c5 Kf7
35.Nc5e4 Ke7
36.Ne4c5 Ra2a3
37.Kd2 f5
38.Rc1c2 Ra3a1
39.Ke2 Kd6
40.Nc5b7 Kd7
41.Nb7c5 Ke7
42.Kd2 Ra1a7
43.Ke1 Kd6
44.f3 e5
45.Kf2 Nd5xc3
46.Nc5b7 Ra7xb7
47.dxe5 Kxe5
48.Rc2xc3 Kd4
49.Rc3c1 c3
50.Rc1d1 Kc4
51.Ke3 c2
52.Rd1c1 Kc3
53.Ke2 b4
{ resign }
0-1

[Event "Tourn. n9720"]
[Site "www.chess-mail.com"]
[Date "2018.02.04"]
[Round "1"]
[White "Begory"]
[Black "Caroluigi"]
[WhiteElo "1600"]
[BlackElo "1510"]
[Result "0-1"]
[Round "1"]
1.d4 d5
2.c4 Nb8c6
3.Nb1c3 e6
4.Bc1f4 Bf8b4
5.Qd1b3 Ng8f6
6.a3 Nc6xd4
7.Qb3xb4 Nd4c2
8.Kd2 Nc2xb4
9.axb4 dxc4
10.Kc1 Bc8d7
11.Ng1f3 Nf6g4
12.Bf4g3 O-O
13.h3 Ng4f6
14.e3 b5
15.Kc2 c6
16.Ra1d1 Nf6d5
17.e4 Nd5xb4
18.Kb1 Rf8e8
19.Nf3e5 Re8e7
20.Ne5xd7 Re7xd7
21.Rd1e1 a5
22.Nc3a2 Rd7d1
23.Re1xd1 Qd8xd1
24.Na2c1 Qd1c2
25.Ka1 Qc2xc1

0-1

[Event "Tourn. n9692"]
[Site "www.chess-mail.com"]
[Date "2018.02.04"]
[Round "1"]
[White "Coolant"]
[Black "Szustan"]
[WhiteElo "2340"]
[BlackElo "2560"]
[Result "0-1"]
[Round "1"]
1.f4 d5
2.Ng1f3 Ng8f6
3.g3 g6
4.Bf1g2 Bf8g7
5.O-O O-O
6.d3 c5
7.c3 Nb8c6
8.Qd1e1 d4
9.Nb1a3 Nf6d5
10.c4 Nd5b4
11.Bc1d2 Bc8g4
12.h3 Bg4xf3
13.Bg2xf3 e5
14.fxe5 Bg7xe5
15.Bd2xb4 Nc6xb4
16.Bf3xb7 Ra8b8
17.Bb7g2 Qd8g5
18.Rf1f3 f5
19.Qe1f2 Qg5d2
20.Ra1b1 Nb4xa2
21.Na3b5 a6
22.Nb5a7 Na2c3
23.Na7c6 Nc3xb1
24.Nc6xe5 Rb8e8
{ resign }
0-1